| 000 | 00922nam a22002297a 4500 | ||
|---|---|---|---|
| 999 |
_c464 _d464 |
||
| 003 | AR-CdUCM | ||
| 008 | 190223b ||||| |||| 00| 0 spa d | ||
| 040 |
_aMUNICIPALIDAD PROVINCIAL DEL CUSCO _cBIBLIOTECA MUNICIPAL DEL CUSCO |
||
| 082 |
_22ed. _a985.009 / _bP34 |
||
| 100 |
_aPease G. Y., Franklin _91834 |
||
| 245 | _aDel tawantinsuyu a la historia del Perú / | ||
| 260 |
_aPerú : _bPUCP , _c1989. |
||
| 300 |
_a226 páginas ; _c20 cm. |
||
| 500 | _anota de donación para la biblioteca. | ||
| 505 | _aFuente del siglo XVI y la formación del tawantinsuyu -- Las visitas como testimonio andino -- El inka y el poder -- Las expediciones de conquista -- Los tipos de colonización -- Historia de las conquistas... | ||
| 650 |
_aHistoria del Perú. _9259 |
||
| 650 |
_aTawantinsuyu. _91835 |
||
| 650 |
_aLos Incas. _91836 |
||
| 650 |
_aLa conquista del Perú. _91837 |
||
| 942 |
_2ddc _cLIBROS |
||
| 945 |
_awfj _d2019-02-23 |
||